Piłkarze Borussi Dortmund w Erze Kloppa - Statystyki

Ogólne statystyki
  • Ten quiz został rozwiązany 57 razy
    50 od ostatniego zresetowania
  • Średni wynik to 17 z 70
Statystyki odpowiedzi
Piłkarze % Poprawnych
Lewandowski Robert
100%
Piszczek Łukasz
98%
Błaszczykowski Jakub
93%
Hummels Mats
81%
Reus Marco
81%
Gündoğan Ilkay
70%
Subotić Neven
70%
Götze Mario
67%
Kagawa Shinji
67%
Bender Sven
65%
Weidenfeller Roman
65%
Şahin Nuri
63%
Schmelzer Marcel
60%
Aubameyang Pierre-Emerick
58%
Barrios Lucas
51%
Großkreutz Kevin
49%
Kehl Sebastian
44%
Sokratis Pastathopoulos
40%
Langerak Mithell
33%
Immobile Ciro
30%
Mkhitaryan Henrikh
28%
Owomoyela Patrick
28%
Durm Erik
26%
Leitner Moritz
26%
Schieber Julian
26%
Dede
21%
Ginter Matthias
19%
Jojic Milos
19%
Perišić Ivan
16%
Kirch Oliver
14%
Ramos Adrian
14%
Valdez Nelson Haedo
14%
Hofmann Jonas
12%
Zidan Mohamed
12%
Kampl Kevin
9%
Kringe Florian
9%
Bittencourt Leonardo
7%
Boateng Kevin-Prince
7%
Ducksch Marvin
7%
Hajnal Tamas
7%
Löwe Chris
7%
Rangelov Dimitar
7%
Tinga
7%
Dudziak Jeremy
5%
Feulner Markus
5%
Frei Alex
5%
Hünemeier Uwe
5%
Koch Julian
5%
Öztekin Yasin
5%
Stiepermann Marco
5%
Ziegler Marc
5%
Antonio da Silva
2%
Buckley Delron
2%
Federico Giovanni
2%
Günter Koray
2%
Kovač Robert
2%
Kruska Marc-André
2%
Kullmann Christopher
2%
Le Tallec Damien
2%
Maruoka Matsuru
2%
Rukavina Antonio
2%
Bajner Balint
0%
Friedrich Manuel
0%
Gyau Joe
0%
Klimowicz Diego
0%
Petrić Mladen
0%
Sadrijaj Bajram
0%
Santana Felipe
0%
Sarr Marian
0%
Young-pyo Lee
0%
Nie znaleziono quizów pasujących do podanych kryteriów
Rozkład punktacji
Procent ludzi z każdym wynikiem
Percentyl według liczby udzielonych odpowiedzi
Twoja historia wyników
Nie rozwiązałeś tego quizu od ostatniego zresetowania